000 00303nam a22001337a 4500
008 181105b xxu||||| |||| 00| 0 eng d
020 _a0865541418
041 _aeng
080 _a101
100 _a24
101 _aFIL
245 _aEssays in Metaphysics and Theology
_cOliver,H.,H
942 _2udc
_cBK
999 _c51816
_d51816